000 00710nam a22002291i 4500
001 000030535
003 RuMoIPM
005 20260512115546.0
008 110829s1977----ru | c rus
040 _aRuMoIPM
_brus
_ercr
041 0 _arus
044 _aru
080 _a51(091)
100 1 _aСимонов, Рэм Александрович
245 1 _aМатематическая мысль древней Руси
_cР. А. Симонов
260 _aМосква
_bНаука
_c1977
300 _a121 с.
_bил.
490 0 _aИстория науки и техники
500 _aВ надзаг.: Акад. наук СССР
504 _aБиблиогр.: с. 116-120
942 _cBK
999 _c30535
_d30535